000 00682nam a2200193Ia 4500
008 160105s9999 xx 000 0 und d
041 _aeng
110 _aInternational Association of Hydrological Sciences
111 _aInternational symposium on the hydrology of marsh-ridden areas
111 _cParis
111 _d17/06/1972-21/06/1972
245 _aHydrology of marsh - ridden areas
260 _aParis
260 _c1975
654 _xHYDROLOGIE/ENQUETE/CLIMAT/HYDROGEOLOGIE/SOL/VEGETATION/ZONE TEMPEREE/EAU/MODELE DE SIMULATION/DRAINAGE/IRRIGATION/TECHNIQUE DE PREVISION/METEOROLOGIE/FORET/TENEUR EN EAU/EUROPE
942 _c01
994 _a108693
999 _c8608
_d36606